| 000 | 00581nam a22002057a 4500 | ||
|---|---|---|---|
| 999 |
_c6791 _d6791 |
||
| 003 | GBCCL | ||
| 005 | 20241126110611.0 | ||
| 008 | 180628b ||||| |||| 00| 0 eng d | ||
| 020 | _a0805499253 | ||
| 040 | _cgbc | ||
| 082 |
_a248.4 _bBLA |
||
| 100 |
_aBlackaby, Henry T. _912178 |
||
| 245 |
_aExperiencing God: _bKnowing and doing the will of God / _cHenry T. Blackaby &Claude V. King |
||
| 250 | _aYouth ed. | ||
| 260 |
_aNashville: _bLifeway Press, _c1997 |
||
| 300 |
_a160 p.; _bill., _c28 cm. |
||
| 650 |
_aChristian life _9183 |
||
| 650 |
_aGod _xWill _97731 |
||
| 942 |
_2ddc _cBK |
||